[Event "Quebec Montcalm op 7 2016-17"]
[Site "Quebec"]
[Date "2017.05.11"]
[Round "3"]
[White "Genest, Dominic"]
[Black "Sarra Bournet, Marc"]
[Result "0-1"]
[WhiteElo "1706"]
[BlackElo "1787"]
[PlyCount "82"]
[EventDate "2017.04.27"]
[EventType "swiss"]
[EventRounds "5"]
[EventCountry "CAN"]
[SourceTitle "EXT 2022"]
[Source "ChessBase"]
[SourceDate "2021.10.06"]
[SourceVersion "1"]
[SourceVersionDate "2021.10.06"]
[SourceQuality "1"]

1. c4 e5 2. Nc3 Nf6 3. g3 Nc6 4. Bg2 Bc5 5. Nf3 0-0 6. 0-0 d5 7. cxd5 Nxd5 8. e3 Nxc3 9. bxc3 e4 10. Nd4 Bxd4 11. cxd4 Bf5 12. f3 exf3 13. Qxf3 Bd3 14. Ba3 Bxf1 15. Rxf1 Qd7 16. Bxf8 Rxf8 17. Rb1 Nd8 18. d5 Qa4 19. Qd1 Qa5 20. Qc2 b5 21. Rc1 b4 22. Qc4 Qa4 23. Bf3 a5 24. Rc2 Qd7 25. Qxc7 Qf5 26. Kg2 a4 27. e4 Qf6 28. Qa5 b3 29. axb3 axb3 30. Rc3 Qd4 31. Rxb3 g6 32. Rb8 Qf6 33. Qb6 Qg5 34. Qa5 Ne6 35. Rxf8+ Nxf8 36. Qc3 Qd8 37. d4 Qa8 38. e5 Qa2+ 39. Kh3 Qf2 40. g4 g5 41. Bg2 Qh4# 0-1

[Event "Quebec Montcalm op 4 2016-17"]
[Site "Quebec"]
[Date "2017.02.09"]
[Round "5"]
[White "Genest, Dominic"]
[Black "Sarra Bournet, Marc"]
[Result "0-1"]
[WhiteElo "1684"]
[BlackElo "1860"]
[PlyCount "64"]
[EventDate "2017.01.12"]
[EventType "swiss"]
[EventRounds "5"]
[EventCountry "CAN"]
[SourceTitle "EXT 2022"]
[Source "ChessBase"]
[SourceDate "2021.10.06"]
[SourceVersion "1"]
[SourceVersionDate "2021.10.06"]
[SourceQuality "1"]

1. c4 e5 2. Nc3 Nf6 3. g3 d5 4. cxd5 Nxd5 5. Bg2 Nxc3 6. bxc3 Bc5 7. e3 0-0 8. d4 Bb6 9. Nf3 exd4 10. cxd4 c5 11. Ba3 Re8 12. Bxc5 Bxc5 13. dxc5 Qa5+ 14. Nd2 Rd8 15. Qc2 Nc6 16. Bxc6 bxc6 17. Rd1 Ba6 18. f3 Bd3 19. Qb2 Qxc5 20. Kf2 Rab8 21. Nb3 Qe7 22. Qc3 Bb5 23. Rxd8+ Rxd8 24. Nc5 Rd5 25. Rc1 Qd8 26. a4 Rd2+ 27. Kg1 Be2 28. Kg2 Bd1+ 29. Kg1 Bxf3 30. Rc2 Rg2+ 31. Kf1 Qd1+ 32. Qe1 Rg1+ 0-1

[Event "Montcalm II 2015-16"]
[Site "Quebec"]
[Date "2015.10.22"]
[Round "2"]
[White "Beauchesne, Jonathan"]
[Black "Genest, Dominic"]
[Result "1/2-1/2"]
[WhiteElo "1709"]
[BlackElo "1697"]
[PlyCount "85"]
[EventDate "2015.10.15"]
[EventType "swiss"]
[EventRounds "5"]
[EventCountry "CAN"]
[SourceTitle "EXT 2019"]
[Source "ChessBase"]
[SourceDate "2018.10.10"]
[SourceVersion "1"]
[SourceVersionDate "2018.10.10"]
[SourceQuality "1"]

1. e4 c5 2. c3 d6 3. Na3 Nf6 4. h3 Nc6 5. Qc2 g6 6. Nf3 Bg7 7. Be2 0-0 8. 0-0 a6 9. d4 Nd7 10. Be3 b5 11. Rfd1 Qc7 12. Nb1 Bb7 13. Nbd2 f5 14. exf5 Rxf5 15. Bd3 Rf7 16. Ng5 Rf6 17. Nde4 c4 18. Be2 Re8 19. Nxf6+ exf6 20. Nf3 Ne7 21. Nh2 Nf5 22. Qd2 Nb6 23. Bf3 Nxe3 24. fxe3 Bh6 25. Re1 Bxf3 26. gxf3 Nd5 27. Ng4 Bg5 28. f4 Bh4 29. Re2 f5 30. Nf2 Bxf2+ 31. Kxf2 Nf6 32. Kg1 Ne4 33. Qe1 Qe7 34. a4 Nf6 35. axb5 axb5 36. Ra5 Qb7 37. Qf2 Ra8 38. Rxa8+ Qxa8 39. Qg2 Ne4 40. Kh2 Qd8 41. Qg1 Qh4 42. Qe1 Qh5 43. Qf1 1/2-1/2

[Event "Montcalm I 2015-16"]
[Site "Quebec"]
[Date "2015.10.08"]
[Round "5"]
[White "Lessard, Claude"]
[Black "Genest, Dominic"]
[Result "1-0"]
[WhiteElo "2109"]
[BlackElo "1689"]
[PlyCount "87"]
[EventDate "2015.09.10"]
[EventType "tourn"]
[EventRounds "5"]
[EventCountry "CAN"]
[SourceTitle "EXT 2019"]
[Source "ChessBase"]
[SourceDate "2018.10.10"]
[SourceVersion "1"]
[SourceVersionDate "2018.10.10"]
[SourceQuality "1"]

1. d4 d5 2. Nf3 Nf6 3. e3 e6 4. Bd3 Nbd7 5. 0-0 c6 6. Ne5 Bd6 7. f4 c5 8. c3 0-0 9. Nd2 Re8 10. Qf3 c4 11. Bc2 Bf8 12. e4 b5 13. exd5 Nxd5 14. f5 N7f6 15. Ne4 Bb7 16. fxe6 Rxe6 17. Nxf7 Kxf7 18. Ng5+ Ke7 19. Bf5 Qb6 20. Bxe6 Nc7 21. Qe2 Nxe6 22. Bf4 h6 23. Nf3 Bxf3 24. Qxf3 Re8 25. Rae1 Kf7 26. Be5 Be7 27. Qh5+ Kf8 28. h4 Qd8 29. Qf5 Nc7 30. g4 Kg8 31. g5 Ncd5 32. Qg6 Qd7 33. gxf6 Bxf6 34. Bxf6 Nxf6 35. Rxe8+ Nxe8 36. Qf5 Qc7 37. Qf4 Qe7 38. Kg2 Nd6 39. Qg4 Qb7+ 40. Kg1 Qd5 41. Re1 Qf7 42. Qe6 Nf5 43. h5 Kf8 44. Qc8+ 1-0

[Event "Montcalm I 2015-16"]
[Site "Quebec"]
[Date "2015.09.10"]
[Round "1"]
[White "Genest, Dominic"]
[Black "Tremblay, Rejean"]
[Result "0-1"]
[WhiteElo "1689"]
[BlackElo "2224"]
[PlyCount "82"]
[EventDate "2015.09.10"]
[EventType "tourn"]
[EventRounds "5"]
[EventCountry "CAN"]
[SourceTitle "EXT 2019"]
[Source "ChessBase"]
[SourceDate "2018.10.10"]
[SourceVersion "1"]
[SourceVersionDate "2018.10.10"]
[SourceQuality "1"]

1. c4 e6 2. Nf3 Nf6 3. e3 d5 4. Nc3 c6 5. b3 Bd6 6. Bb2 0-0 7. Be2 Nbd7 8. Qc2 e5 9. d3 a6 10. 0-0 Re8 11. Nd2 Nf8 12. Bf3 Be6 13. Rac1 Ng6 14. c5 Bc7 15. e4 Nh4 16. Ne2 d4 17. Kh1 Nxf3 18. Nxf3 Ng4 19. Nexd4 exd4 20. h3 Ne5 21. Nxd4 Bxh3 22. gxh3 Qh4 23. f4 Qxh3+ 24. Qh2 Qxh2+ 25. Kxh2 Nxd3 26. Rc2 Nxb2 27. Rxb2 Rxe4 28. Ne2 Rae8 29. Rf2 Rd8 30. Kg2 Rd3 31. Rf3 Rd7 32. Kf2 f5 33. Rc2 g6 34. Re3 Rxe3 35. Kxe3 Kf7 36. Nc3 h6 37. Rh2 Kg7 38. Ne2 g5 39. Rg2 g4 40. Nd4 Kf6 41. Rh2 Bxf4+ 0-1

[Event "Montcalm VI 2014-15"]
[Site "Quebec"]
[Date "2015.04.23"]
[Round "5"]
[White "Cummins, Paul"]
[Black "Genest, Dominic"]
[Result "0-1"]
[WhiteElo "1743"]
[BlackElo "1574"]
[PlyCount "70"]
[EventDate "2015.03.26"]
[EventType "swiss"]
[EventRounds "5"]
[EventCountry "CAN"]
[SourceTitle "EXT 2019"]
[Source "ChessBase"]
[SourceDate "2018.10.10"]
[SourceVersion "1"]
[SourceVersionDate "2018.10.10"]
[SourceQuality "1"]

1. d4 d5 2. Nf3 Nf6 3. g3 Bg4 4. Bg2 e6 5. 0-0 Nbd7 6. c4 c6 7. Nbd2 Bd6 8. Qb3 Qc7 9. Re1 0-0 10. Nf1 dxc4 11. Qxc4 e5 12. Bg5 e4 13. N3d2 Rfe8 14. Ne3 Bh5 15. Nf5 Bf8 16. Qb3 Qa5 17. Bh3 Bg4 18. Bxg4 Nxg4 19. d5 h6 20. Nc4 Qxd5 21. Nce3 Nxe3 22. Nxe3 Qxg5 23. Qxb7 Ne5 24. Rac1 Qe7 25. Qa6 Rab8 26. Qa4 Qb4 27. Qc2 Qxb2 28. Qxe4 Qxa2 29. Rc2 Qe6 30. Qa4 a5 31. Rd1 Bb4 32. Ng2 Rbd8 33. Rcc1 Rxd1+ 34. Rxd1 Nc4 35. Qb3 Qxe2 0-1

[Event "Montcalm VI 2014-15"]
[Site "Quebec"]
[Date "2015.04.16"]
[Round "4"]
[White "Genest, Dominic"]
[Black "Leblanc Legault, Mathieu"]
[Result "1/2-1/2"]
[WhiteElo "1574"]
[BlackElo "1571"]
[PlyCount "117"]
[EventDate "2015.03.26"]
[EventType "swiss"]
[EventRounds "5"]
[EventCountry "CAN"]
[SourceTitle "EXT 2019"]
[Source "ChessBase"]
[SourceDate "2018.10.10"]
[SourceVersion "1"]
[SourceVersionDate "2018.10.10"]
[SourceQuality "1"]

1. c4 c6 2. e4 d5 3. cxd5 cxd5 4. exd5 Nf6 5. Nc3 Nxd5 6. Nf3 Nxc3 7. bxc3 Qc7 8. Bb5+ Bd7 9. c4 a6 10. Qa4 e6 11. Ba3 Nc6 12. Bxf8 Rxf8 13. 0-0 Rd8 14. Qc2 Nd4 15. Nxd4 axb5 16. c5 Bc6 17. Nxc6 Qxc6 18. Rac1 Ke7 19. Rfe1 h6 20. Re4 Rd5 21. Qc3 Rfd8 22. d4 Rg5 23. Rce1 b6 24. Qf3 Kf8 25. cxb6 Kg8 26. Rf4 Qxf3 27. Rxf3 Rb8 28. Rb3 Rxb6 29. Reb1 Rd5 30. a4 Rxd4 31. a5 Rbd6 32. h3 Ra4 33. Rxb5 Ra6 34. Rb8+ Kh7 35. R8b7 Kg6 36. R1b3 R4xa5 37. Rg3+ Rg5 38. Rf3 f6 39. Re3 e5 40. Kh2 Ra2 41. h4 Rg4 42. Kh3 h5 43. f4 Rxf4 44. Rg3+ Rg4 45. Rxg4+ hxg4+ 46. Kg3 Kh6 47. Re7 Re2 48. Re8 f5 49. Re6+ Kh7 50. h5 e4 51. Kf4 Rf2+ 52. Kg5 g3 53. Re7 Kg8 54. Kg6 Kf8 55. Rxg7 Rxg2 56. h6 Rh2 57. Kxf5 e3 58. Rxg3 e2 59. Rg1 1/2-1/2

[Event "Quebec Montcalm op 1 2014-15"]
[Site "Quebec"]
[Date "2014.10.02"]
[Round "5"]
[White "Cummins, Paul"]
[Black "Genest, Dominic"]
[Result "0-1"]
[WhiteElo "1780"]
[BlackElo "1377"]
[PlyCount "100"]
[EventDate "2014.09.04"]
[EventType "swiss"]
[EventRounds "5"]
[EventCountry "CAN"]
[SourceTitle "EXT 2022"]
[Source "ChessBase"]
[SourceDate "2021.10.06"]
[SourceVersion "1"]
[SourceVersionDate "2021.10.06"]
[SourceQuality "1"]

1. e4 g6 2. d4 Bg7 3. Nc3 d6 4. Be3 Nf6 5. f3 c6 6. Qd2 Nbd7 7. h4 h5 8. Nh3 e5 9. 0-0-0 Qc7 10. Bc4 Nb6 11. Bb3 Bxh3 12. Rxh3 0-0-0 13. Kb1 Rd7 14. d5 cxd5 15. Nb5 Qb8 16. exd5 Kd8 17. Qa5 Ke7 18. Bg5 Nc8 19. Qe1 Re8 20. Nc3 a6 21. Ne4 Nb6 22. f4 Rdd8 23. fxe5 dxe5 24. Nxf6 Bxf6 25. Bxf6+ Kxf6 26. Qf2+ Kg7 27. Qxb6 Rd6 28. Qe3 f5 29. c4 e4 30. c5 Rf6 31. Qd4 f4 32. d6 Qd8 33. Bc2 e3 34. Re1 b6 35. Rf3 bxc5 36. Qxc5 Rxd6 37. Rxf4 e2 38. Qc3+ Kh6 39. a3 Rd1+ 40. Ka2 Rxe1 41. Qxe1 Qc7 42. Re4 Rxe4 43. Bxe4 Qc4+ 44. Ka1 Qxe4 45. Qd2+ Kg7 46. Qd7+ Kf6 47. Qd6+ Kf5 48. Qd7+ Kf4 49. Qd6+ Kg4 50. Qd7+ Kg3 0-1

[Event "Quebec Montcalm op 1 2014-15"]
[Site "Quebec"]
[Date "2014.09.11"]
[Round "2"]
[White "Dube, Daniel"]
[Black "Genest, Dominic"]
[Result "0-1"]
[WhiteElo "1832"]
[BlackElo "1377"]
[PlyCount "104"]
[EventDate "2014.09.04"]
[EventType "swiss"]
[EventRounds "5"]
[EventCountry "CAN"]
[SourceTitle "EXT 2022"]
[Source "ChessBase"]
[SourceDate "2021.10.06"]
[SourceVersion "1"]
[SourceVersionDate "2021.10.06"]
[SourceQuality "1"]

1. d4 d5 2. Bf4 Nf6 3. Nc3 c6 4. e3 Bf5 5. Bd3 e6 6. f3 Nh5 7. Nge2 Nxf4 8. Nxf4 Bd6 9. Bxf5 Bxf4 10. exf4 exf5 11. 0-0 0-0 12. Qd3 Qf6 13. Rfe1 Na6 14. a3 Nc7 15. Re5 g6 16. Rae1 Ne6 17. Qe3 Rfe8 18. g4 fxg4 19. fxg4 Ng7 20. g5 Rxe5 21. Qxe5 Qxe5 22. Rxe5 Nf5 23. Ne2 Kf8 24. c3 Re8 25. Kf2 h6 26. Ng3 Rxe5 27. dxe5 Nxg3 28. Kxg3 hxg5 29. fxg5 Ke7 30. a4 b6 31. b4 c5 32. bxc5 bxc5 33. Kf3 Ke6 34. Kf4 a5 35. h4 c4 36. Kf3 Kxe5 37. Ke3 Ke6 38. Kd2 Kf5 39. Ke3 Ke5 40. Kd2 Ke4 41. Ke2 d4 42. cxd4 Kxd4 43. Kd2 c3+ 44. Kc2 Kc4 45. Kc1 Kb3 46. Kb1 Kxa4 47. Ka2 Kb4 48. Ka1 Kb3 49. Kb1 c2+ 50. Kc1 a4 51. h5 gxh5 52. g6 fxg6 0-1

[Event "Charlesbourg Fete du travail"]
[Site "Charlesbourg"]
[Date "2014.08.31"]
[Round "3"]
[White "Gignac, Guy"]
[Black "Genest, Dominic"]
[Result "1/2-1/2"]
[WhiteElo "1527"]
[BlackElo "1303"]
[PlyCount "68"]
[EventDate "2014.08.31"]
[EventType "swiss"]
[EventRounds "5"]
[EventCountry "CAN"]
[SourceTitle "EXT 2022"]
[Source "ChessBase"]
[SourceDate "2021.10.06"]
[SourceVersion "1"]
[SourceVersionDate "2021.10.06"]
[SourceQuality "1"]

1. d4 d5 2. c4 e6 3. e3 Nf6 4. Nc3 Nbd7 5. cxd5 exd5 6. a3 a5 7. Bd3 c6 8. a4 Bd6 9. Nf3 0-0 10. 0-0 Re8 11. Nd2 Nf8 12. h3 Ne6 13. Nf3 b6 14. e4 dxe4 15. Nxe4 Bb4 16. Nxf6+ Qxf6 17. Be3 Ba6 18. Bxa6 Rxa6 19. Qd3 Ra7 20. Rac1 Rc7 21. Qe4 Rec8 22. d5 Nc5 23. Bxc5 cxd5 24. Qxd5 Bxc5 25. Rc2 Rd8 26. Qb3 Rcd7 27. Re1 Rd3 28. Qb5 Rd1 29. Rce2 Rxe1+ 30. Rxe1 Qd6 31. Re8+ Rxe8 32. Qxe8+ Qf8 33. Qe2 Qe7 34. Qc2 h6 1/2-1/2